Getting better : (Record no. 1402)

000 -LEADER
fixed length control field 01557nam a22003617a 4500
001 - CONTROL NUMBER
control field 16446447
003 - CONTROL NUMBER IDENTIFIER
control field OSt
005 - DATE AND TIME OF LATEST TRANSACTION
control field 20210426080343.0
008 - FIXED-LENGTH DATA ELEMENTS--GENERAL INFORMATION
fixed length control field 100903s2011 nyu b 001 0 eng
010 ## - LIBRARY OF CONGRESS CONTROL NUMBER
LC control number 2010037680
020 ## - INTERNATIONAL STANDARD BOOK NUMBER
International Standard Book Number 9780465020157 (alk. paper)
020 ## - INTERNATIONAL STANDARD BOOK NUMBER
International Standard Book Number 0465020151 (alk. paper)
035 ## - SYSTEM CONTROL NUMBER
System control number (OCoLC)ocn657595508
040 ## - CATALOGING SOURCE
Original cataloging agency DLC
Transcribing agency DLC
Modifying agency YDX
-- BTCTA
-- YDXCP
-- ORX
-- JRS
-- DLC
Language of cataloging eng
041 ## - LANGUAGE CODE
Language code of text/sound track or separate title eng
050 00 - LIBRARY OF CONGRESS CALL NUMBER
Classification number HD75
Item number .K46 2011
080 ## - UNIVERSAL DECIMAL CLASSIFICATION NUMBER
Universal Decimal Classification number 33
Item number K-33
082 00 - DEWEY DECIMAL CLASSIFICATION NUMBER
Classification number 306
Edition number 22
100 1# - MAIN ENTRY--PERSONAL NAME
Personal name Kenny, Charles.
245 10 - TITLE STATEMENT
Title Getting better :
Remainder of title why global development is succeeding : and how we can improve the world even more /
Statement of responsibility, etc. / by: Basic Books
260 ## - PUBLICATION, DISTRIBUTION, ETC.
Place of publication, distribution, etc. New York
Name of publisher, distributor, etc. Basic Books
Date of publication, distribution, etc. c2011.
300 ## - PHYSICAL DESCRIPTION
Extent x, 246 p.
Dimensions 22 cm.
365 ## - TRADE PRICE
Price amount 26.99 usd
504 ## - BIBLIOGRAPHY, ETC. NOTE
Bibliography, etc. note Includes bibliographical references (p. 219-234) and index.
505 0# - FORMATTED CONTENTS NOTE
Formatted contents note Abandoning hope -- The bad news : diverging incomes -- The worse news : it's hard to raise growth rates -- The good news : the end of the Malthusian trap -- The better news : the great convergence in quality of life -- The great news : the best things in life are cheap -- Drivers of the better life : innovation and ideas -- Policies for the quality of life -- The global agenda -- Conclusion : realistic optimism.
650 #0 - SUBJECT ADDED ENTRY--TOPICAL TERM
Topical term or geographic name entry element Economic development.
650 #0 - SUBJECT ADDED ENTRY--TOPICAL TERM
Topical term or geographic name entry element Economics
9 (RLIN) 446
650 #0 - SUBJECT ADDED ENTRY--TOPICAL TERM
Topical term or geographic name entry element Quality of life.
653 ## - INDEX TERM--UNCONTROLLED
Uncontrolled term ეკონომიკა
906 ## - LOCAL DATA ELEMENT F, LDF (RLIN)
a 7
b cbc
c orignew
d 1
e ecip
f 20
g y-gencatlg
942 ## - ADDED ENTRY ELEMENTS (KOHA)
Source of classification or shelving scheme
Koha item type Books
Holdings
Withdrawn status Lost status Source of classification or shelving scheme Damaged status Not for loan Permanent location Current location Date acquired Inventory number Total Checkouts Full call number Barcode Date last seen Price effective from Koha item type
          Ken Walker International University Ken Walker International University 02/15/2021 1293   33 K-33 1293 02/15/2021 02/15/2021 Books

Powered by Koha